| 000 | 00401nam a22001337a 4500 | ||
|---|---|---|---|
| 040 | _cNUST | ||
| 082 | _a200 THE | ||
| 100 |
_aFaiza Arshad _9118477 |
||
| 110 | _aSupervisor: Dr. Arslan Shaukat | ||
| 245 | _aTH-SOF-2217-Personality Prediction using Multiple Textual Datasets and Deep Learning Models | ||
| 260 |
_aISLAMABAD: _bNUST COLLEGE OF EME, _c2023. |
||
| 650 | _aMS-CSE-19 | ||
| 942 |
_2ddc _cTHE |
||
| 999 |
_c603414 _d603414 |
||